[Event "CFriend SI-2004-0-00029 email"]
[Site "Chessfriend.com"]
[Date "2005.01.11"]
[Round "1"]
[White "Biardi, Giacomo"]
[Black "Bouma, Jan"]
[Result "1-0"]
[WhiteElo "1733"]
[BlackElo "1820"]
[PlyCount "23"]
[EventDate "2005.01.10"]
[EventType "tourn (corr)"]
[EventRounds "6"]
[SourceTitle "Corr 2024"]
[Source "ChessBase"]
[SourceDate "2023.10.19"]
[SourceVersion "1"]
[SourceVersionDate "2023.10.19"]
[SourceQuality "1"]

1. d4 d5 2. c4 dxc4 3. e4 e5 4. Nf3 exd4 5. Bxc4 Bb4+ 6. Bd2 Bxd2+ 7. Nbxd2 c5 8. Qa4+ Nd7 9. b4 Ne7 10. bxc5 0-0 11. Nb3 b6 12. c6 1-0

[Event "CFriend SI-2004-0-00029 email"]
[Site "Chessfriend.com"]
[Date "2005.01.11"]
[Round "1"]
[White "Brayman, Zvi"]
[Black "Bouma, Jan"]
[Result "1-0"]
[WhiteElo "1806"]
[BlackElo "1820"]
[PlyCount "25"]
[EventDate "2005.01.10"]
[EventType "tourn (corr)"]
[EventRounds "6"]
[SourceTitle "Corr 2024"]
[Source "ChessBase"]
[SourceDate "2023.10.19"]
[SourceVersion "1"]
[SourceVersionDate "2023.10.19"]
[SourceQuality "1"]

1. e4 c5 2. Nf3 e6 3. d4 cxd4 4. Nxd4 Nf6 5. Nc3 Bb4 6. e5 Nd5 7. Bd2 Nxc3 8. bxc3 Ba5 9. Qg4 0-0 10. Bd3 d5 11. 0-0 g6 12. f4 Nc6 13. Nf3 1-0

[Event "CFriend SI-2004-0-00026 email"]
[Site "Chessfriend.com"]
[Date "2004.10.16"]
[Round "1"]
[White "Richardson, John R"]
[Black "Bouma, Jan"]
[Result "1-0"]
[WhiteElo "1666"]
[BlackElo "1820"]
[PlyCount "43"]
[EventDate "2004.??.??"]
[EventType "tourn (corr)"]
[EventRounds "6"]
[SourceTitle "Corr 2008"]
[Source "ChessBase"]
[SourceDate "2008.06.24"]
[SourceVersion "1"]
[SourceVersionDate "2008.06.24"]
[SourceQuality "1"]

1. c4 e5 2. Nc3 Nf6 3. Nf3 Nc6 4. d4 exd4 5. Nxd4 Bc5 6. Nxc6 bxc6 7. e3 0-0 8. Be2 d6 9. Bf3 Bd7 10. 0-0 a5 11. b3 Qe7 12. Na4 Ba7 13. Bd2 Ne4 14. Bxa5 Bf5 15. Bc3 Rfe8 16. Bb2 d5 17. g4 Bg6 18. cxd5 cxd5 19. Bxe4 Bxe4 20. Bd4 c5 21. Bb2 d4 22. exd4 1-0

[Event "CFriend SI-2004-0-00025 email"]
[Site "Chessfriend.com"]
[Date "2004.09.04"]
[Round "1"]
[White "Bouma, Jan"]
[Black "Noble, Mark Frederick"]
[Result "1/2-1/2"]
[WhiteElo "1820"]
[BlackElo "2167"]
[PlyCount "48"]
[EventDate "2004.??.??"]
[EventType "tourn (corr)"]
[EventRounds "6"]
[SourceTitle "Corr 2008"]
[Source "ChessBase"]
[SourceDate "2008.06.24"]
[SourceVersion "1"]
[SourceVersionDate "2008.06.24"]
[SourceQuality "1"]

1. d4 Nf6 2. c4 e6 3. Nf3 b6 4. g3 Ba6 5. b3 Bb4+ 6. Bd2 Be7 7. Bg2 c6 8. 0-0 d5 9. Bc3 Nbd7 10. Nbd2 0-0 11. Re1 c5 12. e4 dxe4 13. Nxe4 Nxe4 14. Rxe4 Bb7 15. Re3 Bf6 16. dxc5 Bxc3 17. Rxc3 Nxc5 18. Qe2 Qf6 19. Rac1 Rad8 20. b4 Ne4 21. Ra3 a6 22. Re3 Nd6 23. c5 Rc8 24. Ne5 Bxg2 1/2-1/2

[Event "CFriend SI-2004-0-00025 email"]
[Site "Chessfriend.com"]
[Date "2004.09.04"]
[Round "1"]
[White "Bouma, Jan"]
[Black "Sherwood, Russell"]
[Result "0-1"]
[WhiteElo "1820"]
[BlackElo "1748"]
[PlyCount "102"]
[EventDate "2004.??.??"]
[EventType "tourn (corr)"]
[EventRounds "6"]
[SourceTitle "Corr 2008"]
[Source "ChessBase"]
[SourceDate "2008.06.24"]
[SourceVersion "1"]
[SourceVersionDate "2008.06.24"]
[SourceQuality "1"]

1. e4 c5 2. Nf3 e6 3. Nc3 d6 4. d4 cxd4 5. Nxd4 Nf6 6. Be2 a6 7. f4 Be7 8. Be3 Qc7 9. 0-0 0-0 10. Kh1 Nc6 11. Qe1 e5 12. fxe5 dxe5 13. Qg3 Rd8 14. Nxc6 Qxc6 15. Qxe5 Re8 16. Bd4 Bd6 17. Qg5 h6 18. Qh4 Be5 19. Bxe5 Rxe5 20. Nd5 Nxd5 21. exd5 Qxc2 22. Qd8+ Kh7 23. Bf3 Qxb2 24. Qc7 Bf5 25. d6 Bd3 26. Rg1 Qd4 27. Rad1 Rf8 28. Bxb7 Qc4 29. Rc1 Qb4 30. d7 Qe7 31. Rcd1 Bb5 32. Bxa6 Bxa6 33. d8Q Rxd8 34. Qxe7 Rxe7 35. Rxd8 Re3 36. Rd2 Ra3 37. Ra1 Bc4 38. Kg1 Kg6 39. Kf2 Kf6 40. Ke1 Bb3 41. Rb2 Bd5 42. Kd1 Ke5 43. Re2+ Kf4 44. Kc1 Bc4 45. Rf2+ Ke5 46. Kb2 Ra4 47. a3 Be6 48. g3 f5 49. Re2+ Kf6 50. Kc3 g5 51. Rb2 f4 0-1

[Event "CFriend SI-2004-0-00023 email"]
[Site "Chessfriend.com"]
[Date "2004.07.27"]
[Round "1"]
[White "Bouma, Jan"]
[Black "Grinwis, Jaap"]
[Result "1/2-1/2"]
[WhiteElo "1820"]
[BlackElo "1977"]
[PlyCount "62"]
[EventDate "2004.??.??"]
[EventType "tourn (corr)"]
[EventRounds "8"]
[SourceTitle "Corr 2008"]
[Source "ChessBase"]
[SourceDate "2008.06.24"]
[SourceVersion "1"]
[SourceVersionDate "2008.06.24"]
[SourceQuality "1"]

1. e4 c5 2. Nf3 d6 3. d4 cxd4 4. Nxd4 Nf6 5. Nc3 g6 6. Be3 Bg7 7. f3 Nc6 8. Qd2 0-0 9. 0-0-0 d5 10. exd5 Nxd5 11. Nxc6 bxc6 12. Nxd5 cxd5 13. Qxd5 Qc7 14. Qc5 Qb7 15. Qa3 Bf5 16. Bd3 Rab8 17. b3 Qc6 18. Qa5 Qf6 19. Bxf5 Qb2+ 20. Kd2 gxf5 21. Ke2 Rfc8 22. Rc1 Rxc2+ 23. Rxc2 Qxc2+ 24. Qd2 Qc7 25. Qc1 Qa5 26. Qc2 Qa6+ 27. Kf2 Rc8 28. Qd2 Bc3 29. Qe2 Qf6 30. Rd1 a5 31. g3 Bb4 1/2-1/2

[Event "CFriend SI-2004-0-00023 email"]
[Site "Chessfriend.com"]
[Date "2004.07.27"]
[Round "1"]
[White "Bouma, Jan"]
[Black "Jordaan, Wayne"]
[Result "1-0"]
[WhiteElo "1820"]
[BlackElo "1740"]
[PlyCount "65"]
[EventDate "2004.??.??"]
[EventType "tourn (corr)"]
[EventRounds "8"]
[SourceTitle "Corr 2008"]
[Source "ChessBase"]
[SourceDate "2008.06.24"]
[SourceVersion "1"]
[SourceVersionDate "2008.06.24"]
[SourceQuality "1"]

1. e4 c6 2. d4 d5 3. f3 g6 4. c3 Bg7 5. Bd3 e5 6. Be3 Be6 7. Ne2 Ne7 8. 0-0 Nd7 9. Qd2 0-0 10. Na3 Qc7 11. b3 Rae8 12. Nc2 c5 13. Bb5 Rd8 14. Bg5 f6 15. Be3 dxe4 16. fxe4 f5 17. Bxd7 Rxd7 18. d5 Nxd5 19. exd5 Rxd5 20. Qe1 f4 21. c4 Rdd8 22. Bc1 Bf5 23. Na3 Qd7 24. Bb2 Qd2 25. Bc3 Qe3+ 26. Qf2 Rd3 27. Rae1 Rfd8 28. Qxe3 Rxe3 29. Nb5 Bd3 30. Kf2 Bh6 31. Rg1 Bg5 32. Ba1 Bf5 33. Nbc3 1-0

[Event "CFriend SI-2004-0-00023 email"]
[Site "Chessfriend.com"]
[Date "2004.07.27"]
[Round "?"]
[White "Ercan, Sezar"]
[Black "Bouma, Jan"]
[Result "1-0"]
[WhiteElo "1951"]
[BlackElo "1678"]
[PlyCount "47"]
[EventDate "2004.??.??"]
[EventType "tourn (corr)"]
[EventRounds "8"]
[SourceTitle "Corr 2008"]
[Source "ChessBase"]
[SourceDate "2008.06.24"]
[SourceVersion "1"]
[SourceVersionDate "2008.06.24"]
[SourceQuality "1"]

1. d4 Nf6 2. c4 g6 3. Nc3 d5 4. Nf3 Bg7 5. Qb3 dxc4 6. Qxc4 0-0 7. e4 Na6 8. Be2 c5 9. d5 e6 10. 0-0 exd5 11. exd5 b5 12. Nxb5 Qxd5 13. Bf4 Bb7 14. Rad1 Qxc4 15. Bxc4 Bxf3 16. gxf3 Nb4 17. Rfe1 Rfd8 18. Nd6 Rd7 19. Nxf7 Rxf7 20. Re7 Raf8 21. Rxf7 Rxf7 22. Rd8+ Bf8 23. Bh6 Nbd5 24. h4 1-0

[Event "CFriend SI-2004-0-00021 email"]
[Site "Chessfriend.com"]
[Date "2004.06.23"]
[Round "?"]
[White "Norman, Nigel"]
[Black "Bouma, Jan"]
[Result "1/2-1/2"]
[WhiteElo "1852"]
[BlackElo "1678"]
[PlyCount "43"]
[EventDate "2004.??.??"]
[EventType "tourn (corr)"]
[EventRounds "7"]
[SourceTitle "Corr 2008"]
[Source "ChessBase"]
[SourceDate "2008.06.24"]
[SourceVersion "1"]
[SourceVersionDate "2008.06.24"]
[SourceQuality "1"]

1. Nf3 Nf6 2. g3 d5 3. Bg2 c6 4. d3 Bf5 5. 0-0 e6 6. Nbd2 Be7 7. b3 Nbd7 8. Bb2 h6 9. Qe1 0-0 10. e4 Bh7 11. Qe2 a5 12. a4 Qb6 13. e5 Ne8 14. Bh3 c5 15. Rae1 Qc6 16. Bg2 Nc7 17. h4 b5 18. axb5 Qxb5 19. Ra1 Na6 20. Nb1 Nb4 21. Nc3 Qb6 22. Na4 1/2-1/2

[Event "CFriend SI-2004-0-00021 email"]
[Site "Chessfriend.com"]
[Date "2004.06.23"]
[Round "?"]
[White "Peetoom, Frank F"]
[Black "Bouma, Jan"]
[Result "1/2-1/2"]
[WhiteElo "1808"]
[BlackElo "1678"]
[PlyCount "33"]
[EventDate "2004.??.??"]
[EventType "tourn (corr)"]
[EventRounds "7"]
[SourceTitle "Corr 2008"]
[Source "ChessBase"]
[SourceDate "2008.06.24"]
[SourceVersion "1"]
[SourceVersionDate "2008.06.24"]
[SourceQuality "1"]

1. e4 c5 2. Nf3 Nc6 3. d4 cxd4 4. Nxd4 Nf6 5. Nc3 d6 6. Bg5 e6 7. Qd2 Be7 8. 0-0-0 Nxd4 9. Qxd4 a6 10. f4 0-0 11. Be2 b5 12. Bf3 Bb7 13. Bxf6 Bxf6 14. Qxd6 Bxc3 15. Qxd8 Bxb2+ 16. Kxb2 Rfxd8 17. Rd3 1/2-1/2

[Event "CFriend SI-2004-0-00020 email"]
[Site "Chessfriend.com"]
[Date "2004.05.24"]
[Round "1"]
[White "Bouma, Jan"]
[Black "Kovacevic, Antun"]
[Result "1-0"]
[WhiteElo "1820"]
[BlackElo "1943"]
[PlyCount "69"]
[EventDate "2004.??.??"]
[EventType "tourn (corr)"]
[EventRounds "7"]
[SourceTitle "Corr 2024"]
[Source "ChessBase"]
[SourceDate "2023.10.19"]
[SourceVersion "1"]
[SourceVersionDate "2023.10.19"]
[SourceQuality "1"]

1. e4 c5 2. Nf3 d6 3. d4 cxd4 4. Nxd4 Nf6 5. Nc3 a6 6. Be3 e6 7. f3 b5 8. Qd2 Nbd7 9. g4 Nb6 10. 0-0-0 Bb7 11. Bd3 Nfd7 12. f4 Rc8 13. Kb1 Nc4 14. Bxc4 Rxc4 15. f5 b4 16. fxe6 fxe6 17. Nce2 Bxe4 18. Rhe1 Qc8 19. Ng3 Bg6 20. Nh5 Ne5 21. Qe2 Rc7 22. Bg5 Bxh5 23. gxh5 Be7 24. Bf4 Bf6 25. h6 0-0 26. Rf1 g6 27. h4 Rcf7 28. Rg1 Nc4 29. Qxe6 Qxe6 30. Nxe6 Bxb2 31. Nxf8 Rxf4 32. Ne6 Rf2 33. Rxd6 Nxd6 34. Kxb2 Rh2 35. Rd1 1-0

[Event "CFriend SI-2004-0-00018 email"]
[Site "Chessfriend.com"]
[Date "2004.03.27"]
[Round "?"]
[White "Bouma, Jan"]
[Black "Van Rooijen, Peter"]
[Result "1-0"]
[WhiteElo "1761"]
[BlackElo "1625"]
[PlyCount "25"]
[EventDate "2004.??.??"]
[EventType "tourn (corr)"]
[EventRounds "8"]
[SourceTitle "Corr 2008"]
[Source "ChessBase"]
[SourceDate "2008.06.24"]
[SourceVersion "1"]
[SourceVersionDate "2008.06.24"]
[SourceQuality "1"]

1. d4 e6 2. Nf3 Nf6 3. c4 Bb4+ 4. Bd2 c5 5. Bxb4 cxb4 6. g3 0-0 7. Bg2 d6 8. 0-0 Nc6 9. a3 bxa3 10. Rxa3 Bd7 11. Nc3 Qe7 12. e4 Rfc8 13. Re1 1-0

[Event "IECG WC.2008.P.00008 email"]
[Site "IECG email"]
[Date "2004.03.05"]
[Round "?"]
[White "Bouma, Jan"]
[Black "Hall, Dick"]
[Result "1/2-1/2"]
[WhiteElo "1525"]
[BlackElo "1665"]
[PlyCount "63"]
[EventDate "2004.03.05"]
[EventType "tourn (corr)"]
[EventRounds "6"]
[SourceTitle "Corr 2008"]
[Source "ChessBase"]
[SourceDate "2008.06.24"]
[SourceVersion "1"]
[SourceVersionDate "2008.06.24"]
[SourceQuality "1"]

1. e4 c5 2. Nf3 d6 3. d4 cxd4 4. Nxd4 Nf6 5. Nc3 a6 6. Bg5 e6 7. f4 Be7 8. Qf3 Qc7 9. 0-0-0 Nbd7 10. g4 b5 11. Bxf6 Bxf6 12. g5 Bxd4 13. Rxd4 Rb8 14. a3 Qc5 15. Qd3 b4 16. axb4 Rxb4 17. Rxb4 Qxb4 18. Qc4 Qxc4 19. Bxc4 Bb7 20. Kd2 Ke7 21. h4 h6 22. gxh6 Rxh6 23. Ke3 g6 24. Be2 f5 25. Rh3 Nf6 26. exf5 exf5 27. b4 Rh8 28. Kd4 Rb8 29. b5 axb5 30. Bxb5 Be4 31. Nxe4 Rxb5 32. c4 1/2-1/2

[Event "IECG WC.2008.P.00008 email"]
[Site "IECG email"]
[Date "2004.03.05"]
[Round "?"]
[White "Bouma, Jan"]
[Black "Haug, Ulrich"]
[Result "0-1"]
[WhiteElo "1525"]
[BlackElo "2151"]
[PlyCount "52"]
[EventDate "2004.03.05"]
[EventType "tourn (corr)"]
[EventRounds "6"]
[SourceTitle "Corr 2008"]
[Source "ChessBase"]
[SourceDate "2008.06.24"]
[SourceVersion "1"]
[SourceVersionDate "2008.06.24"]
[SourceQuality "1"]

1. d4 Nf6 2. c4 g6 3. Nc3 d5 4. cxd5 Nxd5 5. e4 Nxc3 6. bxc3 Bg7 7. Bc4 c5 8. Ne2 cxd4 9. cxd4 Nc6 10. Be3 0-0 11. Rb1 Qa5+ 12. Kf1 Qc7 13. Qc1 Qd6 14. Qd2 Rd8 15. Rb5 e6 16. d5 b6 17. Bg5 Ba6 18. Bxd8 Rxd8 19. a4 Bxb5 20. Bxb5 exd5 21. exd5 Ne7 22. g3 Nxd5 23. Kg2 a6 24. Bxa6 Qc6 25. f3 Qc5 26. Kh3 Qf2 0-1

[Event "CFriend SI-2004-0-00017 email"]
[Site "Chessfriend.com"]
[Date "2004.02.28"]
[Round "1"]
[White "Bouma, Jan"]
[Black "Gramstad, Reidar"]
[Result "0-1"]
[WhiteElo "1820"]
[BlackElo "2099"]
[PlyCount "94"]
[EventDate "2004.??.??"]
[EventType "tourn (corr)"]
[EventRounds "12"]
[SourceTitle "Corr 2008"]
[Source "ChessBase"]
[SourceDate "2008.06.24"]
[SourceVersion "1"]
[SourceVersionDate "2008.06.24"]
[SourceQuality "1"]

1. e4 c5 2. Nf3 d6 3. d4 cxd4 4. Nxd4 a6 5. Nc3 Nf6 6. Be2 e6 7. 0-0 Be7 8. f4 0-0 9. Be3 Qc7 10. Qe1 b5 11. Bf3 Bb7 12. a3 Nbd7 13. Nb3 Rac8 14. Qg3 Ba8 15. Rad1 Rfd8 16. Rd3 d5 17. exd5 Nxd5 18. Nxd5 Bxd5 19. Bxd5 exd5 20. Rxd5 Qxc2 21. Nd4 Qg6 22. Qxg6 hxg6 23. f5 Nf8 24. Rxd8 Bxd8 25. fxg6 Nxg6 26. Nf5 Bf6 27. Rf2 Rd8 28. h3 Rd1+ 29. Kh2 Rd3 30. Re2 Kh7 31. Kg1 Nf8 32. Kf2 Ne6 33. Bc1 Kg6 34. Ne3 Nf4 35. Rc2 Rb3 36. Nd1 Nd3+ 37. Ke2 a5 38. Rc6 a4 39. Bd2 Nxb2 40. Nxb2 Rxb2 41. Kd1 Kf5 42. Kc1 Ra2 43. Bc3 Bxc3 44. Rxc3 Rxg2 45. Rc5+ Ke4 46. Rxb5 f5 47. h4 f4 0-1

[Event "CFriend SI-2004-0-00017 email"]
[Site "Chessfriend.com"]
[Date "2004.02.28"]
[Round "?"]
[White "Bujdak, Pavol"]
[Black "Bouma, Jan"]
[Result "1/2-1/2"]
[WhiteElo "1986"]
[BlackElo "1678"]
[PlyCount "92"]
[EventDate "2004.??.??"]
[EventType "tourn (corr)"]
[EventRounds "12"]
[SourceTitle "Corr 2008"]
[Source "ChessBase"]
[SourceDate "2008.06.24"]
[SourceVersion "1"]
[SourceVersionDate "2008.06.24"]
[SourceQuality "1"]

1. e4 c5 2. Nf3 e6 3. d4 cxd4 4. Nxd4 Nc6 5. Nc3 Bb4 6. Ndb5 Nf6 7. a3 Bxc3+ 8. Nxc3 d5 9. exd5 exd5 10. Bd3 0-0 11. 0-0 h6 12. Bf4 Be6 13. Re1 Qd7 14. Qd2 Bf5 15. Bg3 Bxd3 16. Qxd3 Rfe8 17. h3 a6 18. Bh4 g5 19. Bg3 d4 20. Na4 Rxe1+ 21. Rxe1 Re8 22. Rxe8+ Qxe8 23. Nc5 Qe7 24. Nb3 Qe1+ 25. Qf1 Qe4 26. Qd1 Nd7 27. f3 Qd5 28. Bf2 Nde5 29. f4 gxf4 30. Nxd4 f3 31. g4 Nc4 32. c3 Nxb2 33. Qd2 Na4 34. Qe3 Qc5 35. Qe8+ Qf8 36. Qxf8+ Kxf8 37. Nxc6 bxc6 38. Bd4 c5 39. Bf6 Kg8 40. Kf2 Kh7 41. c4 Kg6 42. Be7 Nb6 43. Bxc5 Nxc4 44. Kxf3 f5 45. a4 fxg4+ 46. hxg4 Nb2 1/2-1/2